IPCS:Environmental health criteria 125 platinum
Saved in:
| Corporate Authors: | , |
|---|---|
| Format: | Bog |
| Udgivet: |
Geneva
World Health Organization
1991
|
| Fag: | |
| Online adgang: | Full Text visit NHRC Information Center |
| Tags: |
Tilføj Tag
Ingen Tags, Vær først til at tagge denne postø!
|
| LEADER | 00798nam a22001817a 4500 | ||
|---|---|---|---|
| 020 | |a 924157125 x | ||
| 022 | |a 0250863 x | ||
| 060 | |a QD 181.P8 | ||
| 110 | |a World Health Organization |9 1053 | ||
| 245 | |a IPCS:Environmental health criteria 125 platinum | ||
| 260 | |a Geneva |b World Health Organization |c 1991 | ||
| 300 | |a 167p. ; | ||
| 650 | |a Platinum - adverse effects |a Platinum -toxicity |a Environmental exposure |9 1375 | ||
| 710 | |a United nations Environment Programme |9 917 | ||
| 856 | |u http://nhrc.org.np/index.php?option=com_content&view=article&id=48&Itemid=53 |y Full Text visit NHRC Information Center | ||
| 942 | |2 NLM |c BK | ||
| 952 | |0 0 |1 0 |2 NLM |4 0 |6 QD_181_000000000000000_P8_WHO_1991 |7 0 |9 1520 |a NHRC |b NHRC |c CART |d 2013-03-21 |l 0 |o QD 181.P8/WHO/1991 |p 000239 |r 2013-03-21 |w 2013-03-21 |y BK | ||
| 999 | |c 1479 |d 1479 | ||